[Event "Campeonato España Sub 10"]
[Site "Salobreña"]
[Date "2017.07.05"]
[Round "4"]
[White "Valera Espejo, Javier"]
[Black "Garijo Perez, Hugo"]
[Result "0-1"]
[Board "10"]
[WhiteClock "1:30"]
[WhiteElo "1150"]
[WhiteCountry "ESP"]
[WhiteFideId "24538817"]
[WhiteEloChange "-4"]
[BlackClock "1:30"]
[BlackElo "1392"]
[BlackCountry "ESP"]
[BlackFideId "24533033"]
[BlackEloChange "4"]

1. b3 {[%clk 1:30:00]} e5 {[%clk 1:28:00]} 2. Bb2 {[%clk 1:31:00]} Nc6 {[%clk
1:28:00]} 3. e3 {[%clk 1:31:00]} f6 {[%clk 1:25:00]} 4. Bb5 {[%clk 1:31:00]} d5
{[%clk 1:22:00]} 5. Nf3 {[%clk 1:31:00]} a6 {[%clk 1:21:00]} 6. Bxc6+ {[%clk
1:31:00]} bxc6 {[%clk 1:21:00]} 7. O-O {[%clk 1:31:00]} Bd6 {[%clk 1:15:00]} 8.
d4 {[%clk 1:30:00]} e4 {[%clk 1:14:00]} 9. Nfd2 {[%clk 1:30:00]} f5 {[%clk
1:11:00]} 10. c4 {[%clk 1:27:00]} Nf6 {[%clk 1:09:00]} 11. c5 {[%clk 1:26:00]}
Bxh2+ {[%clk 1:03:00]} 12. Kxh2 {[%clk 1:23:00]} Ng4+ {[%clk 1:03:00]} 13. Kg1
{[%clk 1:23:00]} Qh4 {[%clk 1:03:00]} 14. Re1 {[%clk 1:22:00]} Qxf2+ {[%clk
1:03:00]} 15. Kh1 {[%clk 1:22:00]} Nxe3 {[%clk 1:03:00]} 16. Qe2 {[%clk 1:19:00]}
Qxe2 {[%clk 1:03:00]} 17. Rxe2 {[%clk 1:20:00]} Nc2 {[%clk 1:04:00]} 18. Nf3
{[%clk 1:17:00]} Nxa1 {[%clk 1:04:00]} 19. Bxa1 {[%clk 1:17:00]} O-O {[%clk
1:04:00]} 20. Ne5 {[%clk 1:18:00]} Rf6 {[%clk 1:03:00]} 21. Bc3 {[%clk 1:16:00]}
a5 {[%clk 1:02:00]} 22. Be1 {[%clk 1:16:00]} g5 {[%clk 1:02:00]} 23. Nd2 {[%clk
1:13:00]} f4 {[%clk 1:01:00]} 24. Nf1 {[%clk 1:11:00]} Ba6 {[%clk 1:00:00]} 25.
Rf2 {[%clk 1:10:00]} Re6 {[%clk 0:59:00]} 26. Nh2 {[%clk 1:09:00]} a4 {[%clk
0:54:00]} 27. Ba5 {[%clk 1:08:00]} Bb5 {[%clk 0:53:00]} 28. bxa4 {[%clk 0:57:00]}
Rxa5 {[%clk 0:52:00]} 29. axb5 {[%clk 0:57:00]} cxb5 {[%clk 0:51:00]} 30. Re2
{[%clk 0:55:00]} Ra4 {[%clk 0:50:00]} 31. Rd2 {[%clk 0:54:00]} e3 {[%clk
0:50:00]} 32. Rb2 {[%clk 0:53:00]} Rxd4 {[%clk 0:49:00]} 33. Nhf3 {[%clk
0:53:00]} Rd1+ {[%clk 0:49:00]} 34. Kh2 {[%clk 0:53:00]} g4 {[%clk 0:49:00]} 35.
Nxg4 {[%clk 0:51:00]} e2 {[%clk 0:48:00]} 36. Rxb5 {[%clk 0:50:00]} e1Q {[%clk
0:49:00]} 37. Nxe1 {[%clk 0:50:00]} Rexe1 {[%clk 0:49:00]} 38. Kh3 {[%clk
0:50:00]} Rh1+ {[%clk 0:49:00]} 39. Nh2 {[%clk 0:50:00]} Rd3+ {[%clk 0:50:00]}
40. Kg4 {[%clk 0:50:00]} Rxh2 {[%clk 0:50:00]} 41. a4 {[%clk 0:51:00]} Rxg2+
{[%clk 0:50:00]} 42. Kxf4 {[%clk 0:50:00]} Rd4+ {[%clk 0:50:00]} 43. Kf5 {[%clk
0:49:00]} Rxa4 {[%clk 0:49:00]} 44. Kf6 {[%clk 0:50:00]} Rg6+ {[%clk 0:49:00]}
45. Ke5 {[%clk 0:50:00]} c6 {[%clk 0:50:00]} 46. Rb8+ {[%clk 0:50:00]} Kg7 {[%clk
0:50:00]} 47. Rb7+ {[%clk 0:50:00]} Kh6 {[%clk 0:50:00]} 48. Rb1 {[%clk 0:51:00]}
Re4+ {[%clk 0:50:00]} 49. Kf5 {[%clk 0:51:00]} Ree6 {[%clk 0:50:00]} 50. Rh1+
{[%clk 0:51:00]} Kg7 {[%clk 0:50:00]} 51. Rh2 {[%clk 0:51:00]} Rgf6+ {[%clk
0:51:00]} 52. Kg5 {[%clk 0:51:00]} h6+ {[%clk 0:51:00]} 53. Kg4 {[%clk 0:52:00]}
Re4+ {[%clk 0:50:00]} 54. Kg3 {[%clk 0:52:00]} Rc4 {[%clk 0:51:00]} 55. Rh5
{[%clk 0:52:00]} Rxc5 {[%clk 0:51:00]} 56. Re5 {[%clk 0:52:00]} Rc3+ {[%clk
0:51:00]} 57. Kh4 {[%clk 0:53:00]} Rc4+ {[%clk 0:51:00]} 58. Kh5 {[%clk 0:53:00]}
Re4 {[%clk 0:50:00]} 59. Re6 {[%clk 0:52:00]} Rexe6 {[%clk 0:50:00]} 60. Kg4
{[%clk 0:52:00]} d4 {[%clk 0:51:00]} 61. Kg3 {[%clk 0:53:00]} d3 {[%clk 0:51:00]}
62. Kg2 {[%clk 0:53:00]} d2 {[%clk 0:52:00]} 63. Kg3 {[%clk 0:54:00]} d1Q {[%clk
0:52:00]} 64. Kh2 {[%clk 0:54:00]} Rg6 {[%clk 0:52:00]} 65. Kh3 {[%clk 0:54:00]}
Qh5# {[%clk 0:52:00]} 0-1

[Event "Campeonato España Sub 10"]
[Site "Salobreña"]
[Date "2017.07.05"]
[Round "4"]
[White "Garcia Prada, Guillermo"]
[Black "Serrano Almendros, Angel"]
[Result "0-1"]
[Board "11"]
[WhiteClock "n/a"]
[WhiteElo "1401"]
[WhiteCountry "ESP"]
[WhiteFideId "24547131"]
[WhiteEloChange "-14"]
[BlackClock "n/a"]
[BlackElo "1269"]
[BlackCountry "ESP"]
[BlackFideId "24561584"]
[BlackEloChange "14"]

1. e4 {[%clk 1:30:30]} e6 {[%clk 1:30:30]} 2. d4 {[%clk 1:30:30]} d5 {[%clk
1:30:30]} 3. Nd2 {[%clk 1:30:30]} c5 {[%clk 1:30:30]} 4. exd5 {[%clk 1:30:30]}
exd5 {[%clk 1:30:30]} 5. c3 {[%clk 1:30:30]} Nc6 {[%clk 1:30:30]} 6. Bb5 {[%clk
1:30:30]} Bd7 {[%clk 1:30:30]} 7. Ne2 {[%clk 1:30:30]} Bd6 {[%clk 1:30:30]} 8.
O-O {[%clk 1:30:30]} Nge7 {[%clk 1:30:30]} 9. Nf3 {[%clk 1:30:30]} O-O {[%clk
1:30:30]} 10. Bf4 {[%clk 1:30:30]} Bg4 {[%clk 1:30:30]} 11. Bxd6 {[%clk 1:30:30]}
Qxd6 {[%clk 1:30:30]} 12. dxc5 {[%clk 1:30:30]} Qxc5 {[%clk 1:30:30]} 13. Bxc6
{[%clk 1:30:30]} Nxc6 {[%clk 1:30:30]} 14. Qd3 {[%clk 1:30:30]} Qd6 {[%clk
1:30:30]} 15. Ng5 {[%clk 1:30:30]} Qg6 {[%clk 1:30:30]} 16. Qxg6 {[%clk 1:30:30]}
fxg6 {[%clk 1:30:30]} 17. f3 {[%clk 1:30:30]} Bd7 {[%clk 1:30:30]} 18. g4 {[%clk
1:30:30]} h6 {[%clk 1:30:30]} 19. Nh3 {[%clk 1:30:30]} Rae8 {[%clk 1:30:30]} 20.
Nef4 {[%clk 1:30:30]} Ne5 {[%clk 1:30:30]} 21. Kg2 {[%clk 1:30:30]} Bc6 {[%clk
1:30:30]} 22. Rad1 {[%clk 1:30:30]} Nc4 {[%clk 1:30:30]} 23. Rde1 {[%clk
1:30:30]} Ne3+ {[%clk 1:30:30]} 24. Kf2 {[%clk 1:30:30]} Nxf1 {[%clk 1:30:30]}
25. Rxf1 {[%clk 1:30:30]} g5 {[%clk 1:30:30]} 26. Ne2 {[%clk 1:30:30]} Rxe2+
{[%clk 1:30:30]} 27. Kxe2 {[%clk 1:30:30]} Bb5+ {[%clk 1:30:30]} 28. Kf2 {[%clk
1:30:30]} Bxf1 {[%clk 1:30:30]} 29. Kxf1 {[%clk 1:30:30]} Rxf3+ {[%clk 1:30:30]}
30. Kg2 {[%clk 1:30:30]} Rd3 {[%clk 1:30:30]} 31. Nf2 {[%clk 1:30:30]} Rd2 {[%clk
1:30:30]} 32. Kf3 {[%clk 1:30:30]} Rxb2 {[%clk 1:30:30]} 33. h3 {[%clk 1:30:30]}
Rxa2 {[%clk 1:30:30]} 34. Ke3 {[%clk 1:30:30]} Rc2 {[%clk 1:30:30]} 35. Nd1
{[%clk 1:30:30]} Kf7 {[%clk 1:30:30]} 36. Kf3 {[%clk 1:30:30]} a5 {[%clk
1:30:30]} 37. Ke3 {[%clk 1:30:30]} Rh2 {[%clk 1:30:30]} 0-1

[Event "Campeonato España Sub 10"]
[Site "Salobreña"]
[Date "2017.07.05"]
[Round "4"]
[White "Ermachenko, Manuel"]
[Black "Gonzalez Fernandez, Manuel Jesus"]
[Result "1-0"]
[Board "13"]
[WhiteClock "1:30"]
[WhiteElo "1678"]
[WhiteCountry "ESP"]
[WhiteFideId "24560952"]
[WhiteEloChange "2"]
[BlackClock "1:30"]
[BlackElo "1259"]
[BlackCountry "ESP"]
[BlackFideId "24561878"]
[BlackEloChange "-2"]

1. e4 {[%clk 1:30:00]} e6 {[%clk 1:30:00]} 2. d4 {[%clk 1:31:00]} d5 {[%clk
1:31:00]} 3. Nd2 {[%clk 1:31:00]} Nc6 {[%clk 1:31:00]} 4. Ngf3 {[%clk 1:30:00]}
Nf6 {[%clk 1:30:00]} 5. e5 {[%clk 1:29:00]} Nd7 {[%clk 1:30:00]} 6. c3 {[%clk
1:23:00]} f6 {[%clk 1:27:00]} 7. exf6 {[%clk 1:23:00]} Qxf6 {[%clk 1:27:00]} 8.
Bb5 {[%clk 1:23:00]} Bd6 {[%clk 1:27:00]} 9. O-O {[%clk 1:23:00]} O-O {[%clk
1:27:00]} 10. Bxc6 {[%clk 1:23:00]} bxc6 {[%clk 1:27:00]} 11. Re1 {[%clk
1:23:00]} Nb6 {[%clk 1:27:00]} 12. Qe2 {[%clk 1:23:00]} Bd7 {[%clk 1:27:00]} 13.
b3 {[%clk 1:23:00]} c5 {[%clk 1:27:00]} 14. Bb2 {[%clk 1:23:00]} Qh6 {[%clk
1:27:00]} 15. Rac1 {[%clk 1:23:00]} Rf7 {[%clk 1:27:00]} 16. a4 {[%clk 1:23:00]}
a5 {[%clk 1:27:00]} 17. h3 {[%clk 1:23:00]} Raf8 {[%clk 1:27:00]} 18. Ba3 {[%clk
1:23:00]} cxd4 {[%clk 1:27:00]} 19. Bxd6 {[%clk 1:23:00]} cxd6 {[%clk 1:27:00]}
20. cxd4 {[%clk 1:23:00]} Ra8 {[%clk 1:27:00]} 21. Rc2 {[%clk 1:23:00]} Qf6
{[%clk 1:27:00]} 22. Rec1 {[%clk 1:23:00]} Rff8 {[%clk 1:27:00]} 23. Nb1 {[%clk
1:23:00]} Qe7 {[%clk 1:27:00]} 24. Na3 {[%clk 1:23:00]} Qd8 {[%clk 1:27:00]} 25.
Nb5 {[%clk 1:23:00]} Bxb5 {[%clk 1:27:00]} 26. Qxb5 {[%clk 1:23:00]} Nd7 {[%clk
1:27:00]} 27. Rc7 {[%clk 1:23:00]} Nf6 {[%clk 1:27:00]} 28. Qb7 {[%clk 1:23:00]}
Ne8 {[%clk 1:27:00]} 29. Rd7 {[%clk 1:23:00]} Qb8 {[%clk 1:27:00]} 30. Ng5 {[%clk
1:23:00]} Qxb7 {[%clk 1:27:00]} 31. Rxb7 {[%clk 1:23:00]} Rf6 {[%clk 1:27:00]}
32. Re7 {[%clk 1:23:00]} Rb8 {[%clk 1:27:00]} 33. Rc3 {[%clk 1:23:00]} Kf8 {[%clk
1:27:00]} 34. Ra7 {[%clk 1:23:00]} Kg8 {[%clk 1:27:00]} 35. Rxa5 {[%clk 1:23:00]}
h6 {[%clk 1:27:00]} 36. Nf3 {[%clk 1:23:00]} g5 {[%clk 1:27:00]} 37. Ra7 {[%clk
1:23:00]} Rg6 {[%clk 1:27:00]} 38. a5 {[%clk 1:23:00]} h5 {[%clk 1:27:00]} 39. a6
{[%clk 1:23:00]} g4 {[%clk 1:27:00]} 40. hxg4 {[%clk 1:23:00]} hxg4 {[%clk
1:27:00]} 41. Nd2 {[%clk 1:23:00]} Rg7 {[%clk 1:27:00]} 42. Rxg7+ {[%clk
1:23:00]} Kxg7 {[%clk 1:27:00]} 43. Kh2 {[%clk 1:23:00]} Kf6 {[%clk 1:27:00]} 44.
Kg3 {[%clk 1:23:00]} Kg5 {[%clk 1:27:00]} 45. Rc1 {[%clk 1:23:00]} Ra8 {[%clk
1:27:00]} 46. Rc6 {[%clk 1:23:00]} Kf5 {[%clk 1:27:00]} 47. b4 {[%clk 1:23:00]}
Nf6 {[%clk 1:27:00]} 48. b5 {[%clk 1:23:00]} Nd7 {[%clk 1:27:00]} 49. Rxd6 {[%clk
1:23:00]} Nb8 {[%clk 1:27:00]} 50. f3 {[%clk 1:23:00]} gxf3 {[%clk 1:27:00]} 51.
gxf3 {[%clk 1:23:00]} Kf6 {[%clk 1:27:00]} 52. Nb3 {[%clk 1:23:00]} Ke7 {[%clk
1:27:00]} 53. Rb6 {[%clk 1:23:00]} Kd7 {[%clk 1:27:00]} 54. Nc5+ {[%clk 1:23:00]}
Kc8 {[%clk 1:27:00]} 55. Rxe6 {[%clk 1:23:00]} Nd7 {[%clk 1:27:00]} 56. Re8+
{[%clk 1:23:00]} 1-0

[Event "Campeonato España Sub 10"]
[Site "Salobreña"]
[Date "2017.07.05"]
[Round "4"]
[White "Santos Usua, Mikel"]
[Black "Diaz Mino, Daniel"]
[Result "1-0"]
[Board "14"]
[WhiteClock "1:30"]
[WhiteElo "1256"]
[WhiteCountry "ESP"]
[WhiteFideId "24580910"]
[WhiteEloChange "18"]
[BlackClock "1:30"]
[BlackElo "1645"]
[BlackCountry "ESP"]
[BlackFideId "24520462"]
[BlackEloChange "-18"]

1. e4 {[%clk 1:30:00]} e6 {[%clk 1:30:00]} 2. d4 {[%clk 1:31:00]} d5 {[%clk
1:31:00]} 3. exd5 {[%clk 1:31:00]} exd5 {[%clk 1:31:00]} 4. Nf3 {[%clk 1:32:00]}
Nc6 {[%clk 1:31:00]} 5. c3 {[%clk 1:32:00]} Bg4 {[%clk 1:31:00]} 6. Bd3 {[%clk
1:32:00]} Bd6 {[%clk 1:31:00]} 7. O-O {[%clk 1:32:00]} Qd7 {[%clk 1:31:00]} 8.
Nbd2 {[%clk 1:31:00]} Nge7 {[%clk 1:31:00]} 9. Qc2 {[%clk 1:31:00]} O-O-O {[%clk
1:31:00]} 10. b4 {[%clk 1:31:00]} Rde8 {[%clk 1:31:00]} 11. Nb3 {[%clk 1:31:00]}
f6 {[%clk 1:31:00]} 12. Qd1 {[%clk 1:31:00]} g5 {[%clk 1:31:00]} 13. Nc5 {[%clk
1:31:00]} Bxc5 {[%clk 1:31:00]} 14. bxc5 {[%clk 1:31:00]} h5 {[%clk 1:31:00]} 15.
Re1 {[%clk 1:31:00]} h4 {[%clk 1:31:00]} 16. Re3 {[%clk 1:31:00]} f5 {[%clk
1:31:00]} 17. Re1 {[%clk 1:31:00]} f4 {[%clk 1:31:00]} 18. c4 {[%clk 1:31:00]} h3
{[%clk 1:31:00]} 19. cxd5 {[%clk 1:31:00]} Nxd4 {[%clk 1:31:00]} 20. Bb2 {[%clk
1:31:00]} Nxf3+ {[%clk 1:31:00]} 21. gxf3 {[%clk 1:31:00]} Rh4 {[%clk 1:31:00]}
22. fxg4 {[%clk 1:31:00]} Rxg4+ {[%clk 1:31:00]} 23. Kf1 {[%clk 1:31:00]} Rg2
{[%clk 1:31:00]} 24. Qf3 {[%clk 1:31:00]} Rf8 {[%clk 1:31:00]} 25. Rxe7 {[%clk
1:31:00]} Qxe7 {[%clk 1:31:00]} 26. Qxh3+ {[%clk 1:31:00]} Qd7 {[%clk 1:31:00]}
27. Qxd7+ {[%clk 1:31:00]} Kxd7 {[%clk 1:31:00]} 28. Kxg2 {[%clk 1:31:00]} f3+
{[%clk 1:31:00]} 29. Kf1 {[%clk 1:31:00]} Rf4 {[%clk 1:31:00]} 30. Re1 {[%clk
1:31:00]} Rh4 {[%clk 1:31:00]} 31. Bf5+ {[%clk 1:31:00]} Kd8 {[%clk 1:31:00]} 32.
Bf6# {[%clk 1:31:00]} 1-0

[Event "Campeonato España Sub 10"]
[Site "Salobreña"]
[Date "2017.07.05"]
[Round "4"]
[White "Villagordo Espinosa, Carlos"]
[Black "Sureda Gonzalez, Cristina"]
[Result "1-0"]
[Board "15"]
[WhiteClock "1:30"]
[WhiteElo "1527"]
[WhiteCountry "ESP"]
[WhiteFideId "24528943"]
[WhiteEloChange "3"]
[BlackClock "1:30"]
[BlackElo "1240"]
[BlackCountry "ESP"]
[BlackFideId "24560960"]
[BlackEloChange "-3"]

1. d4 {[%clk 1:30:00]} Nf6 {[%clk 1:30:00]} 2. Nf3 {[%clk 1:31:00]} d5 {[%clk
1:31:00]} 3. Bf4 {[%clk 1:31:00]} g6 {[%clk 1:31:00]} 4. e3 {[%clk 1:31:00]} Bg7
{[%clk 1:31:00]} 5. c3 {[%clk 1:31:00]} O-O {[%clk 1:31:00]} 6. Bd3 {[%clk
1:31:00]} Bd7 {[%clk 1:29:00]} 7. O-O {[%clk 1:30:00]} Nc6 {[%clk 1:28:00]} 8. h3
{[%clk 1:30:00]} Re8 {[%clk 1:28:00]} 9. c4 {[%clk 1:30:00]} Nh5 {[%clk 1:28:00]}
10. Bh2 {[%clk 1:30:00]} dxc4 {[%clk 1:28:00]} 11. Bxc4 {[%clk 1:30:00]} e5
{[%clk 1:28:00]} 12. Qb3 {[%clk 1:30:00]} Be6 {[%clk 1:28:00]} 13. d5 {[%clk
1:30:00]} Na5 {[%clk 1:28:00]} 14. dxe6 {[%clk 1:30:00]} Nxb3 {[%clk 1:28:00]}
15. exf7+ {[%clk 1:30:00]} Kh8 {[%clk 1:28:00]} 16. fxe8Q+ {[%clk 1:30:00]} Qxe8
{[%clk 1:28:00]} 17. Bxb3 {[%clk 1:30:00]} Qe7 {[%clk 1:28:00]} 18. Nc3 {[%clk
1:30:00]} e4 {[%clk 1:28:00]} 19. Nd5 {[%clk 1:30:00]} Qe8 {[%clk 1:28:00]} 20.
Nd4 {[%clk 1:30:00]} Qd7 {[%clk 1:28:00]} 21. Nxc7 {[%clk 1:30:00]} Rf8 {[%clk
1:28:00]} 22. Nde6 {[%clk 1:30:00]} Rb8 {[%clk 1:28:00]} 23. Ng5 {[%clk 1:30:00]}
Rf8 {[%clk 1:28:00]} 24. Rad1 {[%clk 1:30:00]} Qe7 {[%clk 1:28:00]} 25. Nce6
{[%clk 1:30:00]} Rg8 {[%clk 1:28:00]} 26. Nd8 {[%clk 1:30:00]} Bxb2 {[%clk
1:28:00]} 27. Be6 {[%clk 1:30:00]} Rf8 {[%clk 1:28:00]} 28. Ndf7+ {[%clk
1:30:00]} Kg7 {[%clk 1:28:00]} 29. Bd6 {[%clk 1:30:00]} Qe8 {[%clk 1:28:00]} 30.
Bxf8+ {[%clk 1:30:00]} Qxf8 {[%clk 1:28:00]} 31. Bg4 {[%clk 1:30:00]} Qa3 {[%clk
1:28:00]} 32. Bxh5 {[%clk 1:30:00]} gxh5 {[%clk 1:28:00]} 33. Nd6 {[%clk
1:30:00]} h6 {[%clk 1:28:00]} 34. Nc4 {[%clk 1:30:00]} Qxa2 {[%clk 1:28:00]} 35.
Nxb2 {[%clk 1:30:00]} Qxb2 {[%clk 1:28:00]} 36. Nxe4 {[%clk 1:30:00]} b6 {[%clk
1:28:00]} 37. Rd7+ {[%clk 1:30:00]} Kg6 {[%clk 1:28:00]} 38. Rxa7 {[%clk
1:30:00]} h4 {[%clk 1:28:00]} 39. g4 {[%clk 1:30:00]} Qb4 {[%clk 1:28:00]} 40.
Rd1 {[%clk 1:30:00]} Qxe4 {[%clk 1:28:00]} 41. Rd6+ {[%clk 1:30:00]} Kg5 {[%clk
1:28:00]} 42. f4+ {[%clk 1:30:00]} Qxf4 {[%clk 1:28:00]} 43. exf4+ {[%clk
1:30:00]} Kxf4 {[%clk 1:28:00]} 44. Rg6 {[%clk 1:30:00]} Kg3 {[%clk 1:28:00]} 45.
Ra6 {[%clk 1:30:00]} Kxh3 {[%clk 1:28:00]} 46. Ra3# {[%clk 1:30:00]} 1-0

[Event "Campeonato España Sub 10"]
[Site "Salobreña"]
[Date "2017.07.05"]
[Round "4"]
[White "Munoz Valles, Jorge"]
[Black "Ortiz Padro, Pol"]
[Result "0-1"]
[Board "16"]
[WhiteClock "1:30"]
[WhiteElo "1229"]
[WhiteCountry "ESP"]
[WhiteFideId "24550787"]
[WhiteEloChange "-6"]
[BlackClock "1:30"]
[BlackElo "1382"]
[BlackCountry "ESP"]
[BlackFideId "24594040"]
[BlackEloChange "6"]

1. d4 {[%clk 1:30:00]} Nf6 {[%clk 1:30:00]} 2. c4 {[%clk 1:31:00]} e6 {[%clk
1:31:00]} 3. Nf3 {[%clk 1:31:00]} b6 {[%clk 1:31:00]} 4. Nc3 {[%clk 1:31:00]} Bb4
{[%clk 1:31:00]} 5. Bg5 {[%clk 1:31:00]} Bb7 {[%clk 1:32:00]} 6. Qc2 {[%clk
1:32:00]} d6 {[%clk 1:31:00]} 7. a3 {[%clk 1:32:00]} Bxc3+ {[%clk 1:32:00]} 8.
Qxc3 {[%clk 1:32:00]} Nbd7 {[%clk 1:32:00]} 9. e3 {[%clk 1:33:00]} c5 {[%clk
1:31:00]} 10. Bd3 {[%clk 1:32:00]} Qc7 {[%clk 1:31:00]} 11. O-O {[%clk 1:32:00]}
Bxf3 {[%clk 1:31:00]} 12. gxf3 {[%clk 1:33:00]} O-O {[%clk 1:29:00]} 13. Rfe1
{[%clk 1:32:00]} h6 {[%clk 1:29:00]} 14. Bh4 {[%clk 1:32:00]} d5 {[%clk 1:29:00]}
15. e4 {[%clk 1:32:00]} dxe4 {[%clk 1:29:00]} 16. fxe4 {[%clk 1:32:00]} cxd4
{[%clk 1:29:00]} 17. Qxd4 {[%clk 1:32:00]} e5 {[%clk 1:29:00]} 18. Qe3 {[%clk
1:32:00]} Qc5 {[%clk 1:29:00]} 19. Qxc5 {[%clk 1:32:00]} Nxc5 {[%clk 1:29:00]}
20. Bc2 {[%clk 1:32:00]} Rac8 {[%clk 1:29:00]} 21. f3 {[%clk 1:32:00]} g5 {[%clk
1:29:00]} 22. Bg3 {[%clk 1:32:00]} Ncd7 {[%clk 1:29:00]} 23. b3 {[%clk 1:32:00]}
Rfe8 {[%clk 1:29:00]} 24. Kf2 {[%clk 1:32:00]} b5 {[%clk 1:29:00]} 25. Bd3 {[%clk
1:32:00]} Nc5 {[%clk 1:29:00]} 26. Bc2 {[%clk 1:32:00]} bxc4 {[%clk 1:29:00]} 27.
bxc4 {[%clk 1:32:00]} h5 {[%clk 1:29:00]} 28. Rg1 {[%clk 1:32:00]} Kf8 {[%clk
1:29:00]} 29. Ke2 {[%clk 1:32:00]} g4 {[%clk 1:29:00]} 30. fxg4 {[%clk 1:32:00]}
hxg4 {[%clk 1:29:00]} 31. Bh4 {[%clk 1:32:00]} Nfxe4 {[%clk 1:29:00]} 32. Rxg4
{[%clk 1:32:00]} f5 {[%clk 1:29:00]} 33. Rf1 {[%clk 1:32:00]} f4 {[%clk 1:29:00]}
34. Rfg1 {[%clk 1:32:00]} a5 {[%clk 1:29:00]} 35. Be1 {[%clk 1:32:00]} Nf6 {[%clk
1:29:00]} 36. Rg6 {[%clk 1:32:00]} Kf7 {[%clk 1:29:00]} 37. Bxa5 {[%clk 1:32:00]}
e4 {[%clk 1:29:00]} 38. Bc3 {[%clk 1:32:00]} Ncd7 {[%clk 1:29:00]} 39. Bb3 {[%clk
1:32:00]} f3+ {[%clk 1:29:00]} 40. Ke3 {[%clk 1:32:00]} Nd5+ {[%clk 1:29:00]} 41.
Kd4 {[%clk 1:32:00]} f2 {[%clk 1:29:00]} 42. Rg7+ {[%clk 1:32:00]} Kf8 {[%clk
1:29:00]} 43. Rg8+ {[%clk 1:32:00]} Kf7 {[%clk 1:29:00]} 44. R1g7+ {[%clk
1:32:00]} Kf6 {[%clk 1:29:00]} 45. Kxd5+ {[%clk 1:32:00]} Ne5 {[%clk 1:29:00]}
46. Rg6+ {[%clk 1:32:00]} Kf5 {[%clk 1:29:00]} 47. Rg5+ {[%clk 1:32:00]} Kf4
{[%clk 1:29:00]} 48. Bxe5+ {[%clk 1:32:00]} Rxe5+ {[%clk 1:29:00]} 49. Rxe5
{[%clk 1:32:00]} Rxg8 {[%clk 1:29:00]} 50. Rxe4+ {[%clk 1:32:00]} Kf5 {[%clk
1:29:00]} 51. Bc2 {[%clk 1:32:00]} Rd8+ {[%clk 1:29:00]} 52. Kc5 {[%clk 1:32:00]}
Rd2 {[%clk 1:29:00]} 53. Bb1 {[%clk 1:32:00]} Kg5 {[%clk 1:29:00]} 54. Re5+
{[%clk 1:32:00]} Kf6 {[%clk 1:29:00]} 55. Rf5+ {[%clk 1:32:00]} Ke7 {[%clk
1:29:00]} 56. Bd3 {[%clk 1:32:00]} Rxd3 {[%clk 1:29:00]} 57. a4 {[%clk 1:32:00]}
Rd2 {[%clk 1:29:00]} 58. a5 {[%clk 1:32:00]} Ra2 {[%clk 1:29:00]} 59. Kb4 {[%clk
1:32:00]} Ke6 {[%clk 1:29:00]} 60. Rf3 {[%clk 1:32:00]} Rb2+ {[%clk 1:29:00]} 61.
Ka3 {[%clk 1:32:00]} Rd2 {[%clk 1:29:00]} 62. a6 {[%clk 1:32:00]} Rd3+ {[%clk
1:29:00]} 63. Rxd3 {[%clk 1:32:00]} f1Q {[%clk 1:29:00]} 64. Re3+ {[%clk
1:32:00]} Kd6 {[%clk 1:29:00]} 65. a7 {[%clk 1:32:00]} Qa1+ {[%clk 1:29:00]} 66.
Kb4 {[%clk 1:32:00]} Qxa7 {[%clk 1:29:00]} 67. Rd3+ {[%clk 1:32:00]} Kc6 {[%clk
1:29:00]} 68. Rd5 {[%clk 1:32:00]} Qb8+ {[%clk 1:29:00]} 69. Rb5 {[%clk 1:32:00]}
Qd6+ {[%clk 1:29:00]} 70. Rc5+ {[%clk 1:32:00]} Qxc5+ {[%clk 1:29:00]} 71. Kc3
{[%clk 1:32:00]} Qe5+ {[%clk 1:29:00]} 72. Kd3 {[%clk 1:32:00]} Qxh2 {[%clk
1:29:00]} 73. Kc3 {[%clk 1:32:00]} Kc5 {[%clk 1:29:00]} 74. Kd3 {[%clk 1:32:00]}
Qf4 {[%clk 1:29:00]} 75. Kc3 {[%clk 1:32:00]} Qe3+ {[%clk 1:29:00]} 76. Kb2
{[%clk 1:32:00]} Kb4 {[%clk 1:29:00]} 77. c5 {[%clk 1:32:00]} Qf2+ {[%clk
1:29:00]} 78. Ka1 {[%clk 1:32:00]} Kb3 {[%clk 1:29:00]} 79. c6 {[%clk 1:32:00]}
Qf1# {[%clk 1:29:00]} 0-1

[Event "Campeonato España Sub 10"]
[Site "Salobreña"]
[Date "2017.07.05"]
[Round "5"]
[White "Habans Aguerrea, Javier"]
[Black "Ano Pla, Gerard"]
[Result "0-1"]
[Board "1"]
[WhiteClock "-:--:--"]
[WhiteElo "1676"]
[WhiteCountry "ESP"]
[WhiteFideId "24524689"]
[WhiteEloChange "-8"]
[BlackClock "-:--:--"]
[BlackElo "1741"]
[BlackCountry "ESP"]
[BlackFideId "24560561"]
[BlackEloChange "8"]

1. e4 {[%clk 1:30:30]} c5 {[%clk 1:30:30]} 2. b3 {[%clk 1:30:30]} Nc6 {[%clk
1:30:30]} 3. Bb2 {[%clk 1:30:30]} d6 {[%clk 1:30:49]} 4. Nf3 {[%clk 1:28:59]} e5
{[%clk 1:28:19]} 5. Bc4 {[%clk 1:28:59]} Be7 {[%clk 1:25:49]} 6. O-O {[%clk
1:28:30]} Nf6 {[%clk 1:25:18]} 7. d3 {[%clk 1:28:00]} h6 {[%clk 1:24:48]} 8. Nc3
{[%clk 1:26:29]} O-O {[%clk 1:24:18]} 9. Nd5 {[%clk 1:26:29]} Rb8 {[%clk
1:19:49]} 10. a4 {[%clk 1:24:59]} a6 {[%clk 1:18:20]} 11. h3 {[%clk 1:24:28]} b5
{[%clk 1:15:49]} 12. axb5 {[%clk 1:23:59]} axb5 {[%clk 1:15:49]} 13. Nxf6+ {[%clk
1:23:59]} Bxf6 {[%clk 1:15:49]} 14. Bd5 {[%clk 1:23:59]} Ne7 {[%clk 1:14:19]} 15.
Qd2 {[%clk 1:22:29]} Nxd5 {[%clk 1:13:50]} 16. exd5 {[%clk 1:21:59]} b4 {[%clk
1:12:19]} 17. Qe3 {[%clk 1:18:29]} Bb7 {[%clk 1:09:49]} 18. Qe4 {[%clk 1:18:29]}
Be7 {[%clk 1:09:19]} 19. Nd2 {[%clk 1:17:59]} f5 {[%clk 1:05:48]} 20. Qc4 {[%clk
1:17:59]} Kh7 {[%clk 1:04:19]} 21. Kh2 {[%clk 1:16:28]} Bc8 {[%clk 0:57:50]} 22.
Ra7 {[%clk 1:13:59]} Bd7 {[%clk 0:56:19]} 23. f4 {[%clk 1:09:29]} Bb5 {[%clk
0:55:48]} 24. fxe5 {[%clk 1:09:00]} Bxc4 {[%clk 0:55:19]} 25. Nxc4 {[%clk
1:09:00]} dxe5 {[%clk 0:43:49]} 26. Bxe5 {[%clk 1:08:29]} Ra8 {[%clk 0:43:19]}
27. Rb7 {[%clk 1:07:59]} Bf6 {[%clk 0:21:49]} 28. Bxf6 {[%clk 1:07:59]} Rxf6
{[%clk 0:21:49]} 29. d6 {[%clk 1:07:59]} Rxd6 {[%clk 0:21:49]} 30. Rxf5 {[%clk
0:44:29]} Rd7 {[%clk 0:21:49]} 31. Rb5 {[%clk 0:44:29]} Qc7+ {[%clk 0:21:49]} 32.
g3 {[%clk 0:42:59]} Ra2 {[%clk 0:21:49]} 33. Ne3 {[%clk 0:42:59]} Ra5 {[%clk
0:21:49]} 34. Rfxc5 {[%clk 0:42:59]} Qxc5 {[%clk 0:21:49]} 35. Rxc5 {[%clk
0:42:59]} Rxc5 {[%clk 0:21:49]} 36. Kg2 {[%clk 0:42:59]} Re7 {[%clk 0:21:49]} 37.
Nc4 {[%clk 0:42:59]} Rxc4 {[%clk 0:21:49]} 38. dxc4 {[%clk 0:42:59]} Kg6 {[%clk
0:21:49]} 39. Kf3 {[%clk 0:41:29]} Kf5 {[%clk 0:21:49]} 40. h4 {[%clk 0:41:29]}
h5 {[%clk 0:21:49]} 41. Kf2 {[%clk 0:41:29]} Kg4 {[%clk 0:21:49]} 42. c5 {[%clk
0:41:29]} Re5 {[%clk 0:21:49]} 43. c6 {[%clk 0:41:29]} Rc5 {[%clk 0:21:49]} 44.
c7 {[%clk 0:41:29]} Rxc7 {[%clk 0:21:49]} 45. c4 {[%clk 0:41:29]} bxc3 {[%clk
0:21:49]} 46. b4 {[%clk 0:41:29]} c2 {[%clk 0:20:20]} 47. b5 {[%clk 0:41:29]} c1Q
{[%clk 0:20:20]} 48. Ke2 {[%clk 0:41:29]} Rc2+ {[%clk 0:20:20]} 49. Kd3 {[%clk
0:41:29]} Rd2+ {[%clk 0:20:20]} 0-1